Soil Survey Manual (Record no. 12275)
[ view plain ]
| 000 -LEADER | |
|---|---|
| fixed length control field | 00464cam a2200169ua 4500 |
| 003 - CONTROL NUMBER IDENTIFIER | |
| control field | OSt |
| 008 - FIXED-LENGTH DATA ELEMENTS--GENERAL INFORMATION | |
| fixed length control field | 260209b |||||||| |||| 00| 0 eng d |
| 020 ## - INTERNATIONAL STANDARD BOOK NUMBER | |
| ISBN | 9788172336004 |
| 082 ## - DEWEY DECIMAL CLASSIFICATION NUMBER | |
| Classification number | 624.1517 |
| Item number | UNI/SO |
| 100 ## - MAIN ENTRY--AUTHOR NAME | |
| Personal name | United States Department of Agriculture ,Handbook No. 18 |
| 245 ## - TITLE STATEMENT | |
| Title | Soil Survey Manual |
| 260 ## - PUBLICATION, DISTRIBUTION, ETC. (IMPRINT) | |
| Place of publication | Jodhpur : |
| Name of publisher | Scientific Publishers , |
| Year of publication | 2012 |
| 300 ## - PHYSICAL DESCRIPTION | |
| Number of Pages | 437 ; . |
| 500 ## - GENERAL NOTE | |
| General note | 20997-Reference |
| 942 ## - ADDED ENTRY ELEMENTS (KOHA) | |
| Koha item type | Books |
| Withdrawn status | Lost status | Damaged status | Home library | Current library | Date acquired | Full call number | Accession Number | Koha item type | Collection code | Shelving location | Source of acquisition | Cost, normal purchase price |
|---|---|---|---|---|---|---|---|---|---|---|---|---|
| KAUAET | KAUAET | 07/04/2012 | 624.1517 UNI/SO | 20997 | Books | |||||||
| KAUAET | KAUAET | 01/07/2016 | 624.1517 UNI/SO | 23685 | Books | General Stacks | Calicut Books, Calicut | 950.00 |
